BIBLIOTECA

SENCICO

Diccionario visual : (Registro nro. 3736)

Detalles MARC
000 -LEADER
fixed length control field 00902nam a22002537a 4500
003 - CONTROL NUMBER IDENTIFIER
control field PE SENCICO BE
005 - DATE AND TIME OF LATEST TRANSACTION
control field 20251020182623.0
008 - FIXED-LENGTH DATA ELEMENTS--GENERAL INFORMATION
fixed length control field 230103b |||||||| |||| 00| 0 eng d
020 ## - INTERNATIONAL STANDARD BOOK NUMBER
International Standard Book Number 978-987-584-317-2
040 ## - CATALOGING SOURCE
Original cataloging agency PE SENCICO BE
Transcribing agency PE SENCICO BE
041 ## - LANGUAGE CODE
Language code of text/sound track or separate title spa
-- eng
082 ## - DEWEY DECIMAL CLASSIFICATION NUMBER
Classification number 720.3
Item number B84
100 1# - MAIN ENTRY--PERSONAL NAME
9 (RLIN) 383
Personal name Broto i Comerma, Carles
245 1# - TITLE STATEMENT
Title Diccionario visual :
Remainder of title arquitectura y construcción = visual dictionary of architecture & construction /
Statement of responsibility, etc. Carles Broto i Comerma
260 ## - PUBLICATION, DISTRIBUTION, ETC.
Place of publication, distribution, etc. Barcelona:
Name of publisher, distributor, etc. Linksbooks,
-- Plutón Ediciones,
Date of publication, distribution, etc. 2017
300 ## - PHYSICAL DESCRIPTION
Extent 309 p. :
Other physical details il., diagrs.,
Dimensions 29 cm.
500 ## - GENERAL NOTE
General note Texto en español e inglés.
650 14 - SUBJECT ADDED ENTRY--TOPICAL TERM
9 (RLIN) 49
Topical term or geographic name entry element Arquitectura
Form subdivision Diccionarios
650 24 - SUBJECT ADDED ENTRY--TOPICAL TERM
9 (RLIN) 177
Topical term or geographic name entry element Construcción
Form subdivision Diccionarios
650 24 - SUBJECT ADDED ENTRY--TOPICAL TERM
9 (RLIN) 18
Topical term or geographic name entry element Diseño arquitectónico
650 24 - SUBJECT ADDED ENTRY--TOPICAL TERM
9 (RLIN) 15
Topical term or geographic name entry element Estructuras
910 ## - USER-OPTION DATA (OCLC)
-- hfp
-- hfp
942 ## - ADDED ENTRY ELEMENTS (KOHA)
Source of classification or shelving scheme Dewey Decimal Classification
Koha item type Libros
Classification part 726
Item part G25
Existencias
Fecha de la última vez que lo usaron Número de ingreso o de inventario Pago total Signatura topográfica completa Precio efectivo desde Tipo de documento Estado perdido Sistema de clasificación Estado dañado No es para préstamo Retirado Ubicación permanente Ubicación actual Fecha de adquisición
04/01/2023 16339   R/720.3/B84 04/01/2023 Libros   Dewey Decimal Classification       Biblioteca Central Lima Biblioteca Central Lima 04/01/2023